NYK Logistics (UK) Ltd v Ibrend Estates BV (Record no. 113094)
[ view plain ]
| 000 -LEADER | |
|---|---|
| fixed length control field | 01406cad a22002175a 4500 |
| 001 - CONTROL NUMBER | |
| control field | L154668 |
| 008 - FIXED-LENGTH DATA ELEMENTS--GENERAL INFORMATION | |
| fixed length control field | 120111e20110616xxk f 000 0 eng d |
| 035 ## - SYSTEM CONTROL NUMBER | |
| System control number | (Sirsi) u154668 |
| 041 0# - LANGUAGE CODE | |
| Language code of text/sound track or separate title | eng |
| 245 00 - TITLE STATEMENT | |
| Title | NYK Logistics (UK) Ltd v Ibrend Estates BV |
| Medium | [electronic resource] |
| 260 ## - PUBLICATION, DISTRIBUTION, ETC. | |
| Date of publication, distribution, etc. | 2011 |
| 520 ## - SUMMARY, ETC. | |
| Summary, etc. | [2011] EWCA Civ 683, 16 June 2011. Appellant tenant N appealed against a decision that it had not terminated a lease in April 2009 by exercising a right under a break clause and so was liable to pay rent to the respondent landlord I until the lease was validly terminated."Held": appeal dismissed. The break clause in N's lease requiring vacant possession of premises at the purported termination date was not correctly exercised, N having remained on the premises carrying out dilapidation repairs after the specified date. The requirement for vacant possession was not satisfied by the fact that N had no intention of excluding the landlord from access to and occupation of the premises during that time. |
| 590 ## - LOCAL NOTE (RLIN) | |
| Local note | KA |
| 650 24 - SUBJECT ADDED ENTRY--TOPICAL TERM | |
| Topical term or geographic name entry element | NYK LOGISTICS (UK) LTD v IBREND ESTATES BV |
| 650 24 - SUBJECT ADDED ENTRY--TOPICAL TERM | |
| Topical term or geographic name entry element | LAW OF PROPERTY ACT 1925 S53(1)(A) |
| 651 #4 - SUBJECT ADDED ENTRY--GEOGRAPHIC NAME | |
| Geographic name | England and Wales |
| Chronological subdivision | 1543- |
| 690 ## - LOCAL SUBJECT ADDED ENTRY--TOPICAL TERM (OCLC, RLIN) | |
| Topical term or geographic name as entry element | Commercial property |
| 9 (RLIN) | 6227 |
| 690 ## - LOCAL SUBJECT ADDED ENTRY--TOPICAL TERM (OCLC, RLIN) | |
| Topical term or geographic name as entry element | Landlord and tenant |
| 9 (RLIN) | 6252 |
| 856 40 - ELECTRONIC LOCATION AND ACCESS | |
| Uniform Resource Identifier | <a href="https://www.bailii.org/ew/cases/EWCA/Civ/2011/683.html">https://www.bailii.org/ew/cases/EWCA/Civ/2011/683.html</a> |
| Public note | View the law report free of charge at www.bailii.org |
| 942 ## - ADDED ENTRY ELEMENTS (KOHA) | |
| Suppress in OPAC | 0 |
| Withdrawn status | Lost status | Source of classification or shelving scheme | Damaged status | Not for loan | Home library | Current library | Shelving location | Date acquired | Total Checkouts | Full call number | Barcode | Date last seen | Copy number | Price effective from | Koha item type |
|---|---|---|---|---|---|---|---|---|---|---|---|---|---|---|---|
| Dewey Decimal Classification | Virtual | Virtual | Online | 11/01/2012 | ONLINE PUBLICATION | 154668-2001 | 06/08/2019 | 1 | 06/08/2019 | Law report |